000 00491nam a22001937a 4500
003 MPLRDC
005 20220104123917.0
008 210129b ||||| |||| 00| 0 eng d
020 _a957-13-1499-4
082 _a947.413 SZZC-8
100 _a手冢治虫
245 _a新选组
_c
250 _a初版一刷
260 _a
_b时报文化出版企业有限
_c1995
300 _b
490 _a手冢治虫漫画全集
650 _a手冢治虫漫画
942 _cBK
_o947.413 SZZC-8
999 _c15167
_d15157